[Event "ODJM B 2024"]
[Site "Willingen GER"]
[Date "2024.05.19"]
[Round "2"]
[White "Frydel, Marcel"]
[Black "Fize, Aleksandrs"]
[Result "1/2-1/2"]
[Termination "normal"]
[Board "17"]
[WhiteElo "1692"]
[BlackElo "1609"]
[WhiteClock "00:38:12"]
[BlackClock "00:46:54"]
[PlyCount "116"]
[WhiteFideId "16245733"]
[BlackFideId "34623779"]
[EventCountry "GER"]
[EventRounds "9"]
[EventType "swiss"]
[EventDate "2024.05.18"]

1. d4 {[%clk 01:30:54]} {[%emt 00:00:05]} d5 {[%clk 01:30:57]} {[%emt
00:00:04]} 2. c4 {[%clk 01:31:21]} {[%emt 00:00:04]} e6 {[%clk 01:31:04]}
{[%emt 00:00:23]} 3. Nc3 {[%clk 01:31:46]} {[%emt 00:00:05]} f5 {[%clk
01:30:48]} {[%emt 00:00:45]} 4. cxd5 {[%clk 01:31:14]} {[%emt 00:01:02]} exd5
{[%clk 01:31:14]} {[%emt 00:00:04]} 5. Bf4 {[%clk 01:30:57]} {[%emt 00:00:47]}
c6 {[%clk 01:31:34]} {[%emt 00:00:10]} 6. e3 {[%clk 01:31:02]} {[%emt
00:00:26]} Nf6 {[%clk 01:31:52]} {[%emt 00:00:11]} 7. Bd3 {[%clk 01:25:54]}
{[%emt 00:05:39]} Be7 {[%clk 01:31:32]} {[%emt 00:00:50]} 8. Nge2 {[%clk
01:26:09]} {[%emt 00:00:14]} O-O {[%clk 01:31:30]} {[%emt 00:00:32]} 9. O-O
{[%clk 01:26:22]} {[%emt 00:00:17]} Be6 {[%clk 01:27:37]} {[%emt 00:04:23]} 10.
Qc2 {[%clk 01:25:31]} {[%emt 00:01:21]} Ne4 {[%clk 01:27:56]} {[%emt 00:00:11]}
11. a3 {[%clk 01:18:48]} {[%emt 00:07:14]} Nd7 {[%clk 01:27:56]} {[%emt
00:00:29]} 12. b4 {[%clk 01:16:58]} {[%emt 00:02:20]} g5 {[%clk 01:16:47]}
{[%emt 00:11:39]} 13. Bg3 {[%clk 01:16:40]} {[%emt 00:00:48]} h5 {[%clk
01:15:49]} {[%emt 00:01:28]} 14. f3 {[%clk 01:14:50]} {[%emt 00:02:20]} Nxc3
{[%clk 01:15:40]} {[%emt 00:00:39]} 15. Qxc3 {[%clk 01:14:26]} {[%emt
00:00:55]} h4 {[%clk 01:15:55]} {[%emt 00:00:14]} 16. Be1 {[%clk 01:12:25]}
{[%emt 00:02:32]} Qc7 {[%clk 01:14:54]} {[%emt 00:01:30]} 17. f4 {[%clk
01:09:49]} {[%emt 00:03:07]} g4 {[%clk 01:14:57]} {[%emt 00:00:26]} 18. b5
{[%clk 01:07:44]} {[%emt 00:02:35]} Kf7 {[%clk 01:14:13]} {[%emt 00:01:13]} 19.
bxc6 {[%clk 01:06:38]} {[%emt 00:01:37]} Qxc6 {[%clk 01:14:00]} {[%emt
00:00:44]} 20. Qxc6 {[%clk 01:03:24]} {[%emt 00:03:43]} bxc6 {[%clk 01:14:18]}
{[%emt 00:00:11]} 21. Bb4 {[%clk 01:02:11]} {[%emt 00:01:44]} c5 {[%clk
01:13:26]} {[%emt 00:01:22]} 22. dxc5 {[%clk 01:01:49]} {[%emt 00:00:52]} Nxc5
{[%clk 01:13:40]} {[%emt 00:00:17]} 23. Bc2 {[%clk 01:00:57]} {[%emt 00:01:21]}
a5 {[%clk 01:13:24]} {[%emt 00:00:46]} 24. Bc3 {[%clk 01:00:28]} {[%emt
00:00:59]} Rfc8 {[%clk 01:12:52]} {[%emt 00:01:02]} 25. Rfc1 {[%clk 00:58:59]}
{[%emt 00:01:58]} Ne4 {[%clk 01:11:47]} {[%emt 00:01:36]} 26. Be5 {[%clk
00:59:01]} {[%emt 00:00:28]} Rc4 {[%clk 01:01:23]} {[%emt 00:10:55]} 27. a4
{[%clk 00:54:57]} {[%emt 00:04:34]} Rac8 {[%clk 01:00:42]} {[%emt 00:01:10]}
28. Bd3 {[%clk 00:54:24]} {[%emt 00:01:03]} Rxc1+ {[%clk 01:00:08]} {[%emt
00:01:05]} 29. Rxc1 {[%clk 00:54:32]} {[%emt 00:00:21]} Rxc1+ {[%clk 01:00:01]}
{[%emt 00:00:37]} 30. Nxc1 {[%clk 00:54:56]} {[%emt 00:00:06]} Nc5 {[%clk
00:59:38]} {[%emt 00:00:53]} 31. Bb5 {[%clk 00:55:09]} {[%emt 00:00:17]} Bd7
{[%clk 00:58:51]} {[%emt 00:01:17]} 32. Bxd7 {[%clk 00:54:17]} {[%emt
00:01:22]} Nxd7 {[%clk 00:59:15]} {[%emt 00:00:06]} 33. Bc7 {[%clk 00:53:59]}
{[%emt 00:00:49]} Bc5 {[%clk 00:59:14]} {[%emt 00:00:30]} 34. Kf2 {[%clk
00:54:06]} {[%emt 00:00:24]} Bb6 {[%clk 00:58:44]} {[%emt 00:01:00]} 35. Bxb6
{[%clk 00:53:42]} {[%emt 00:00:53]} Nxb6 {[%clk 00:59:08]} {[%emt 00:00:06]}
36. Nb3 {[%clk 00:54:05]} {[%emt 00:00:08]} Nc4 {[%clk 00:58:52]} {[%emt
00:00:45]} 37. Ke2 {[%clk 00:51:40]} {[%emt 00:02:55]} Ke7 {[%clk 00:59:05]}
{[%emt 00:00:17]} 38. Kd3 {[%clk 00:50:47]} {[%emt 00:01:23]} Kd6 {[%clk
00:58:44]} {[%emt 00:00:50]} 39. Kd4 {[%clk 00:49:44]} {[%emt 00:01:33]} Nb2
{[%clk 00:58:11]} {[%emt 00:01:04]} 40. Nxa5 {[%clk 00:49:35]} {[%emt
00:00:39]} Nxa4 {[%clk 00:58:35]} {[%emt 00:00:06]} 41. Nb7+ {[%clk 00:49:53]}
{[%emt 00:00:11]} Kc6 {[%clk 00:57:41]} {[%emt 00:01:24]} 42. Nd8+ {[%clk
00:49:09]} {[%emt 00:01:15]} Kd6 {[%clk 00:56:34]} {[%emt 00:01:37]} 43. Nf7+
{[%clk 00:49:11]} {[%emt 00:00:27]} Ke6 {[%clk 00:56:53]} {[%emt 00:00:11]} 44.
Ng5+ {[%clk 00:48:42]} {[%emt 00:01:00]} Kd6 {[%clk 00:56:53]} {[%emt
00:00:30]} 45. h3 {[%clk 00:48:34]} {[%emt 00:00:39]} Nb6 {[%clk 00:54:34]}
{[%emt 00:02:49]} 46. Nf7+ {[%clk 00:44:35]} {[%emt 00:04:28]} Ke6 {[%clk
00:54:10]} {[%emt 00:00:54]} 47. Ne5 {[%clk 00:44:58]} {[%emt 00:00:07]} Kf6
{[%clk 00:49:34]} {[%emt 00:05:05]} 48. hxg4 {[%clk 00:44:18]} {[%emt
00:01:11]} fxg4 {[%clk 00:49:53]} {[%emt 00:00:11]} 49. Nxg4+ {[%clk 00:44:45]}
{[%emt 00:00:03]} Kf5 {[%clk 00:50:13]} {[%emt 00:00:10]} 50. Ne5 {[%clk
00:44:01]} {[%emt 00:01:15]} Nc4 {[%clk 00:46:47]} {[%emt 00:03:56]} 51. Nf3
{[%clk 00:39:56]} {[%emt 00:04:35]} Kg4 {[%clk 00:46:49]} {[%emt 00:00:27]} 52.
Ne5 {[%clk 00:38:07]} {[%emt 00:02:19]} Kg3 {[%clk 00:46:54]} {[%emt 00:00:24]}
53. Ng6 {[%clk 00:38:13]} {[%emt 00:00:25]} Kxg2 {[%clk 00:46:28]} {[%emt
00:00:56]} 54. Nxh4+ {[%clk 00:38:29]} {[%emt 00:00:15]} Kg3 {[%emt 00:00:45]}
55. Nf5+ {[%clk 00:38:34]} Kg4 {[%clk 00:46:56]} {[%emt 00:00:11]} 56. Ne7
{[%clk 00:38:51]} {[%emt 00:00:13]} Kf3 {[%clk 00:46:39]} {[%emt 00:00:47]} 57.
Nxd5 {[%clk 00:39:04]} {[%emt 00:00:17]} Nxe3 {[%clk 00:46:53]} {[%emt
00:00:17]} 58. Ke5 {[%clk 00:38:12]} {[%emt 00:01:22]} Nxd5 {[%clk 00:46:54]}
{[%emt 00:00:28]} 1/2-1/2

[Event "ODJM B 2024"]
[Site "Willingen GER"]
[Date "2024.05.19"]
[Round "2"]
[White "Will, Elina"]
[Black "Fettig, Michel"]
[Result "0-1"]
[Termination "normal"]
[Board "18"]
[WhiteElo "1640"]
[BlackElo "1680"]
[WhiteClock "00:37:05"]
[BlackClock "00:59:54"]
[PlyCount "54"]
[WhiteFideId "34623434"]
[BlackFideId "34608982"]
[EventCountry "GER"]
[EventRounds "9"]
[EventType "swiss"]
[EventDate "2024.05.18"]

1. e4 {[%clk 01:30:57]} {[%emt 00:00:03]} e6 {[%clk 01:30:50]} {[%emt
00:00:11]} 2. d4 {[%clk 01:31:21]} {[%emt 00:00:07]} d5 {[%clk 01:30:59]}
{[%emt 00:00:20]} 3. Bd3 {[%clk 01:31:40]} {[%emt 00:00:10]} dxe4 {[%clk
01:30:41]} {[%emt 00:00:49]} 4. Bxe4 {[%clk 01:32:05]} {[%emt 00:00:05]} Nf6
{[%clk 01:30:44]} {[%emt 00:00:27]} 5. Bf3 {[%clk 01:32:28]} {[%emt 00:00:07]}
Bd6 {[%clk 01:30:47]} {[%emt 00:00:26]} 6. Ne2 {[%clk 01:32:21]} {[%emt
00:00:37]} Nbd7 {[%clk 01:30:30]} {[%emt 00:00:48]} 7. c3 {[%clk 01:26:29]}
{[%emt 00:06:22]} c6 {[%clk 01:29:56]} {[%emt 00:01:04]} 8. Bg5 {[%emt
00:00:17]} Qc7 {[%clk 01:29:31]} {[%emt 00:00:52]} 9. Nd2 {[%clk 01:26:02]}
{[%emt 00:01:11]} e5 {[%clk 01:29:03]} {[%emt 00:00:59]} 10. Ne4 {[%clk
01:25:22]} {[%emt 00:01:09]} Nxe4 {[%clk 01:25:55]} {[%emt 00:03:40]} 11. Bxe4
{[%clk 01:25:39]} {[%emt 00:00:11]} O-O {[%clk 01:25:30]} {[%emt 00:00:56]} 12.
Qc2 {[%clk 01:24:00]} {[%emt 00:02:09]} h6 {[%clk 01:23:24]} {[%emt 00:02:37]}
13. h4 {[%clk 01:21:25]} {[%emt 00:03:03]} exd4 {[%clk 01:22:06]} {[%emt
00:01:48]} 14. cxd4 {[%clk 01:19:43]} {[%emt 00:02:13]} Bb4+ {[%clk 01:19:50]}
{[%emt 00:02:47]} 15. Kf1 {[%clk 01:16:19]} {[%emt 00:03:54]} Nb6 {[%clk
01:08:27]} {[%emt 00:11:52]} 16. Bf4 {[%clk 01:16:05]} {[%emt 00:00:44]} Bd6
{[%clk 01:08:35]} {[%emt 00:00:22]} 17. Bd2 {[%clk 01:06:31]} {[%emt 00:10:05]}
Qe7 {[%clk 01:05:34]} {[%emt 00:03:31]} 18. Re1 {[%clk 01:03:45]} {[%emt
00:03:16]} f5 {[%clk 01:04:38]} {[%emt 00:01:26]} 19. Bf3 {[%clk 00:58:44]}
{[%emt 00:05:28]} Qf6 {[%clk 01:03:59]} {[%emt 00:01:11]} 20. g3 {[%clk
00:50:03]} {[%emt 00:09:10]} Be6 {[%clk 01:03:11]} {[%emt 00:01:19]} 21. a3
{[%clk 00:49:12]} {[%emt 00:01:22]} Bc4 {[%clk 01:01:02]} {[%emt 00:02:38]} 22.
Bc3 {[%clk 00:45:31]} {[%emt 00:04:10]} Nd5 {[%clk 01:01:04]} {[%emt 00:00:30]}
23. Kg2 {[%clk 00:44:38]} {[%emt 00:01:22]} f4 {[%clk 01:01:00]} {[%emt
00:00:34]} 24. g4 {[%clk 00:44:00]} {[%emt 00:01:07]} Rae8 {[%clk 01:00:10]}
{[%emt 00:01:21]} 25. Bxd5+ {[%clk 00:40:25]} {[%emt 00:04:05]} Bxd5+ {[%clk
01:00:02]} {[%emt 00:00:39]} 26. f3 {[%clk 00:40:45]} {[%emt 00:00:09]} Re3
{[%clk 00:59:44]} {[%emt 00:00:49]} 27. Ref1 {[%clk 00:37:05]} {[%emt
00:04:08]} Qe6 {[%clk 00:59:54]} {[%emt 00:00:21]} 0-1

[Event "ODJM B 2024"]
[Site "Willingen GER"]
[Date "2024.05.19"]
[Round "2"]
[White "Prashanthakumar, Arju"]
[Black "Oblender, Rudi"]
[Result "1-0"]
[Termination "normal"]
[Board "19"]
[WhiteElo "1668"]
[BlackElo "1622"]
[WhiteClock "00:53:16"]
[BlackClock "00:23:57"]
[PlyCount "109"]
[WhiteFideId "34604065"]
[BlackFideId "34625089"]
[EventCountry "GER"]
[EventRounds "9"]
[EventType "swiss"]
[EventDate "2024.05.18"]

1. e4 {[%clk 01:30:58]} {[%emt 00:00:02]} c5 {[%clk 01:30:42]} {[%emt
00:00:18]} 2. Nf3 {[%clk 01:31:19]} {[%emt 00:00:09]} Nc6 {[%clk 01:30:59]}
{[%emt 00:00:13]} 3. d4 {[%clk 01:30:59]} {[%emt 00:00:49]} cxd4 {[%clk
01:31:24]} {[%emt 00:00:06]} 4. Nxd4 {[%clk 01:31:24]} {[%emt 00:00:05]} g6
{[%clk 01:31:48]} {[%emt 00:00:05]} 5. c4 {[%clk 01:29:59]} {[%emt 00:01:55]}
Bg7 {[%clk 01:31:53]} {[%emt 00:00:25]} 6. Be3 {[%clk 01:28:56]} {[%emt
00:01:33]} d6 {[%clk 01:31:35]} {[%emt 00:00:48]} 7. Nc3 {[%clk 01:28:48]}
{[%emt 00:00:39]} Nf6 {[%clk 01:31:37]} {[%emt 00:00:28]} 8. f3 {[%clk
01:28:45]} {[%emt 00:00:33]} a6 {[%clk 01:30:22]} {[%emt 00:01:45]} 9. Qd2
{[%emt 00:18:07]} Nxd4 {[%clk 01:14:46]} {[%emt 00:01:32]} 10. Bxd4 {[%clk
01:24:51]} {[%emt 00:01:20]} e5 {[%clk 01:15:11]} {[%emt 00:00:05]} 11. Be3
{[%clk 01:24:22]} {[%emt 00:01:00]} Be6 {[%clk 01:14:48]} {[%emt 00:00:53]} 12.
Be2 {[%clk 01:23:18]} {[%emt 00:01:34]} Rc8 {[%clk 01:15:00]} {[%emt 00:00:18]}
13. b3 {[%clk 01:21:21]} {[%emt 00:02:27]} O-O {[%clk 01:14:19]} {[%emt
00:01:10]} 14. O-O {[%clk 01:20:46]} {[%emt 00:01:03]} Qe7 {[%clk 01:13:26]}
{[%emt 00:01:25]} 15. Rfd1 {[%clk 01:13:49]} {[%emt 00:07:26]} Ne8 {[%clk
01:12:05]} {[%emt 00:01:53]} 16. Rac1 {[%clk 01:06:23]} {[%emt 00:07:56]} f5
{[%clk 01:11:40]} {[%emt 00:00:55]} 17. Kh1 {[%clk 01:00:33]} {[%emt 00:06:20]}
f4 {[%clk 01:09:33]} {[%emt 00:02:36]} 18. Bf2 {[%clk 00:57:39]} {[%emt
00:03:23]} h5 {[%clk 01:06:54]} {[%emt 00:03:10]} 19. Nd5 {[%clk 00:55:58]}
{[%emt 00:02:11]} Bxd5 {[%clk 00:57:08]} {[%emt 00:10:16]} 20. Qxd5+ {[%clk
00:56:19]} {[%emt 00:00:09]} Qf7 {[%clk 00:57:32]} {[%emt 00:00:06]} 21. c5
{[%clk 00:49:35]} {[%emt 00:07:15]} Qxd5 {[%clk 00:55:33]} {[%emt 00:02:29]}
22. exd5 {[%clk 00:48:46]} {[%emt 00:01:19]} dxc5 {[%clk 00:54:09]} {[%emt
00:01:54]} 23. d6 {[%clk 00:47:43]} {[%emt 00:01:32]} Nf6 {[%clk 00:36:58]}
{[%emt 00:17:41]} 24. d7 {[%clk 00:46:17]} {[%emt 00:01:56]} Ra8 {[%clk
00:35:09]} {[%emt 00:02:19]} 25. Bxc5 {[%clk 00:46:18]} {[%emt 00:00:29]} Rfd8
{[%clk 00:35:30]} {[%emt 00:00:10]} 26. Bc4+ {[%clk 00:46:19]} {[%emt
00:00:28]} Kh7 {[%clk 00:34:49]} {[%emt 00:01:11]} 27. Be6 {[%clk 00:46:41]}
{[%emt 00:00:08]} e4 {[%clk 00:34:39]} {[%emt 00:00:41]} 28. Be7 {[%clk
00:46:14]} {[%emt 00:00:57]} e3 {[%clk 00:29:16]} {[%emt 00:05:53]} 29. Bxd8
{[%clk 00:46:09]} {[%emt 00:00:35]} Rxd8 {[%clk 00:29:40]} {[%emt 00:00:06]}
30. Rc8 {[%clk 00:45:46]} {[%emt 00:00:53]} Rxd7 {[%clk 00:17:48]} {[%emt
00:12:21]} 31. Bxd7 {[%clk 00:46:08]} {[%emt 00:00:08]} Nxd7 {[%clk 00:17:40]}
{[%emt 00:00:39]} 32. Rxd7 {[%clk 00:46:30]} {[%emt 00:00:07]} Kh6 {[%clk
00:18:09]} {[%emt 00:00:01]} 33. Rxg7 {[%clk 00:46:48]} {[%emt 00:00:12]} Kxg7
{[%clk 00:18:37]} {[%emt 00:00:02]} 34. Kg1 {[%clk 00:47:07]} {[%emt 00:00:11]}
Kf6 {[%clk 00:19:06]} {[%emt 00:00:01]} 35. Kf1 {[%clk 00:47:27]} {[%emt
00:00:11]} g5 {[%clk 00:19:34]} {[%emt 00:00:02]} 36. Ke2 {[%clk 00:47:44]}
{[%emt 00:00:12]} g4 {[%clk 00:19:57]} {[%emt 00:00:06]} 37. fxg4 {[%clk
00:48:11]} {[%emt 00:00:04]} hxg4 {[%clk 00:20:24]} {[%emt 00:00:03]} 38. Rb8
{[%clk 00:48:18]} {[%emt 00:00:24]} b5 {[%clk 00:20:42]} {[%emt 00:00:12]} 39.
Rb6+ {[%clk 00:48:42]} {[%emt 00:00:05]} Ke5 {[%clk 00:21:10]} {[%emt
00:00:02]} 40. Rxa6 {[%clk 00:48:50]} {[%emt 00:00:22]} Ke4 {[%clk 00:21:25]}
{[%emt 00:00:15]} 41. a4 {[%clk 00:49:05]} {[%emt 00:00:15]} f3+ {[%clk
00:21:48]} {[%emt 00:00:07]} 42. gxf3+ {[%clk 00:49:31]} {[%emt 00:00:04]}
gxf3+ 43. Kf1 {[%emt 00:00:42]} bxa4 {[%clk 00:20:57]} {[%emt 00:00:39]} 44.
bxa4 {[%clk 00:49:46]} {[%emt 00:00:15]} Kd3 {[%clk 00:20:08]} {[%emt
00:01:18]} 45. Re6 {[%clk 00:49:57]} {[%emt 00:00:18]} e2+ {[%clk 00:20:13]}
{[%emt 00:00:26]} 46. Kf2 {[%clk 00:50:20]} {[%emt 00:00:07]} Kd2 {[%clk
00:20:36]} {[%emt 00:00:07]} 47. a5 {[%clk 00:50:45]} {[%emt 00:00:05]} Kd1
{[%clk 00:20:59]} {[%emt 00:00:07]} 48. a6 {[%clk 00:51:02]} {[%emt 00:00:13]}
Kd2 {[%clk 00:21:26]} {[%emt 00:00:04]} 49. a7 {[%clk 00:51:28]} {[%emt
00:00:04]} Kd1 {[%clk 00:21:51]} {[%emt 00:00:04]} 50. a8=Q {[%clk 00:51:44]}
{[%emt 00:00:14]} e1=B+ {[%clk 00:22:15]} {[%emt 00:00:06]} 51. Rxe1+ {[%clk
00:52:06]} {[%emt 00:00:08]} Kd2 {[%clk 00:22:41]} {[%emt 00:00:03]} 52. Qd5+
{[%clk 00:52:20]} {[%emt 00:00:17]} Kc2 {[%clk 00:23:06]} {[%emt 00:00:05]} 53.
Re8 {[%clk 00:52:36]} {[%emt 00:00:13]} Kb1 {[%clk 00:23:28]} {[%emt 00:00:09]}
54. Qd2 {[%clk 00:52:54]} {[%emt 00:00:11]} Ka1 {[%clk 00:23:57]} {[%emt
00:00:02]} 55. Re1# {[%clk 00:53:16]} {[%emt 00:00:08]} 1-0

[Event "ODJM B 2024"]
[Site "Willingen GER"]
[Date "2024.05.19"]
[Round "2"]
[White "Türel, Tugce"]
[Black "Menke, Raphael Wilhelm"]
[Result "1/2-1/2"]
[Termination "normal"]
[Board "21"]
[WhiteElo "1582"]
[BlackElo "1776"]
[WhiteClock "00:12:18"]
[BlackClock "00:40:43"]
[PlyCount "82"]
[WhiteFideId "26350602"]
[BlackFideId "34621008"]
[EventCountry "GER"]
[EventRounds "9"]
[EventType "swiss"]
[EventDate "2024.05.18"]

1. e4 {[%clk 01:30:58]} {[%emt 00:00:01]} e5 {[%clk 01:30:56]} {[%emt
00:00:05]} 2. Nf3 {[%clk 01:31:21]} {[%emt 00:00:06]} Nc6 {[%clk 01:31:19]}
{[%emt 00:00:07]} 3. Bc4 {[%clk 01:31:43]} {[%emt 00:00:08]} Nf6 {[%clk
01:31:26]} {[%emt 00:00:23]} 4. d3 {[%clk 01:31:59]} {[%emt 00:00:14]} Bc5
{[%clk 01:31:43]} {[%emt 00:00:13]} 5. c3 {[%clk 01:32:22]} {[%emt 00:00:08]}
d6 {[%clk 01:31:26]} {[%emt 00:00:47]} 6. a4 {[%clk 01:32:21]} {[%emt
00:00:30]} a6 {[%clk 01:31:39]} {[%emt 00:00:17]} 7. Nbd2 {[%clk 01:32:05]}
{[%emt 00:00:46]} O-O {[%clk 01:31:34]} {[%emt 00:00:35]} 8. Nf1 {[%clk
01:30:33]} {[%emt 00:02:02]} Ne7 {[%clk 01:31:14]} {[%emt 00:00:50]} 9. Ng3
{[%clk 01:29:11]} {[%emt 00:01:53]} Ng6 {[%clk 01:30:54]} {[%emt 00:00:49]} 10.
Qb3 {[%clk 01:27:15]} {[%emt 00:02:26]} c6 {[%clk 01:30:16]} {[%emt 00:01:09]}
11. d4 {[%clk 01:24:56]} {[%emt 00:02:49]} exd4 {[%clk 01:28:16]} {[%emt
00:02:29]} 12. cxd4 {[%clk 01:25:16]} {[%emt 00:00:10]} Ba7 {[%clk 01:28:38]}
{[%emt 00:00:07]} 13. O-O {[%clk 01:24:46]} {[%emt 00:01:01]} d5 {[%clk
01:27:59]} {[%emt 00:01:09]} 14. exd5 {[%clk 01:23:38]} {[%emt 00:01:39]} Nxd5
{[%clk 01:27:20]} {[%emt 00:01:08]} 15. Ne5 {[%clk 01:19:27]} {[%emt 00:04:41]}
Bxd4 {[%clk 01:24:31]} {[%emt 00:03:19]} 16. Nxg6 {[%clk 01:14:21]} {[%emt
00:05:36]} hxg6 {[%clk 01:24:51]} {[%emt 00:00:10]} 17. Rd1 {[%clk 01:14:14]}
{[%emt 00:00:37]} Ba7 {[%clk 01:12:50]} {[%emt 00:12:32]} 18. Bxd5 {[%clk
01:14:24]} {[%emt 00:00:19]} cxd5 {[%clk 01:13:07]} {[%emt 00:00:13]} 19. Qxd5
{[%clk 01:04:49]} {[%emt 00:10:05]} Qxd5 {[%clk 01:10:48]} {[%emt 00:02:49]}
20. Rxd5 {[%clk 01:05:11]} {[%emt 00:00:09]} Be6 {[%clk 01:11:10]} {[%emt
00:00:07]} 21. Rd1 {[%clk 01:03:15]} {[%emt 00:02:25]} Rac8 {[%clk 01:10:57]}
{[%emt 00:00:44]} 22. Bf4 {[%clk 00:53:36]} {[%emt 00:10:07]} Rc2 {[%clk
01:09:58]} {[%emt 00:01:31]} 23. Rd2 {[%clk 00:53:39]} {[%emt 00:00:27]} Rfc8
{[%clk 01:10:15]} {[%emt 00:00:13]} 24. Ne4 {[%clk 00:41:39]} {[%emt 00:12:30]}
Rxd2 {[%clk 01:08:39]} {[%emt 00:02:06]} 25. Bxd2 {[%clk 00:40:11]} {[%emt
00:01:58]} Rc2 {[%clk 01:08:32]} {[%emt 00:00:33]} 26. Bc3 {[%clk 00:40:12]}
{[%emt 00:00:33]} Re2 {[%clk 01:05:43]} {[%emt 00:03:17]} 27. Re1 {[%clk
00:39:56]} {[%emt 00:00:48]} Rxe1+ {[%clk 01:04:47]} {[%emt 00:01:27]} 28. Bxe1
{[%clk 00:40:06]} {[%emt 00:00:20]} Bd5 {[%clk 00:56:45]} {[%emt 00:08:31]} 29.
Nc3 {[%clk 00:37:26]} {[%emt 00:03:09]} Bc6 {[%clk 00:56:46]} {[%emt 00:00:29]}
30. Bd2 {[%clk 00:36:38]} {[%emt 00:01:18]} Bb6 {[%clk 00:51:15]} {[%emt
00:06:00]} 31. b4 {[%clk 00:33:33]} {[%emt 00:03:35]} a5 {[%clk 00:45:06]}
{[%emt 00:06:40]} 32. Nb5 {[%clk 00:32:27]} {[%emt 00:01:36]} axb4 {[%clk
00:44:53]} {[%emt 00:00:43]} 33. Bxb4 {[%clk 00:32:51]} {[%emt 00:00:06]} Bxb5
{[%clk 00:44:29]} {[%emt 00:00:54]} 34. axb5 {[%clk 00:32:59]} {[%emt
00:00:22]} f5 {[%clk 00:44:36]} {[%emt 00:00:23]} 35. Kf1 {[%clk 00:33:09]}
{[%emt 00:00:20]} Kf7 {[%clk 00:45:00]} {[%emt 00:00:07]} 36. Ke2 {[%clk
00:32:49]} {[%emt 00:00:49]} g5 {[%clk 00:44:55]} {[%emt 00:00:35]} 37. f3
{[%clk 00:31:09]} {[%emt 00:02:10]} Ke6 {[%clk 00:44:17]} {[%emt 00:01:07]} 38.
Kd3 {[%clk 00:30:31]} {[%emt 00:01:09]} Kd5 {[%clk 00:44:24]} {[%emt 00:00:23]}
39. h3 {[%clk 00:16:00]} {[%emt 00:15:01]} Bd8 {[%clk 00:44:30]} {[%emt
00:00:24]} 40. g4 {[%clk 00:14:16]} {[%emt 00:02:13]} g6 {[%clk 00:43:24]}
{[%emt 00:01:36]} 41. Bf8 {[%clk 00:12:18]} {[%emt 00:02:28]} Ke5 {[%clk
00:40:43]} {[%emt 00:03:12]} 1/2-1/2